| 000 | 00968 a2200253 4500 | ||
|---|---|---|---|
| 003 | OSt | ||
| 005 | 20210818181444.0 | ||
| 008 | 160920b xxu||||| |||| 00| 0 eng d | ||
| 020 | _a9580494053 | ||
| 040 | _bEspañol | ||
| 041 | _aspa | ||
| 082 |
_a155.4 _b H557q |
||
| 100 |
_948945 _aHernández, Rosalba |
||
| 245 |
_aLo que debes saber de la estimulacion temprana _cRosalba Hernández |
||
| 260 |
_aBogotá _bGrupo Editorial Norma _c2006 |
||
| 300 |
_a88 páginas; _c21 cm |
||
| 650 | 0 |
_914922 _aEstimulacion Temprana _xPreguntas y Respuestas |
|
| 650 | 0 |
_911480 _aDesarrollo Infantil _xPreguntas y respuestas |
|
| 650 | 0 |
_928679 _aPsicologia Infantil _xPreguntas y respuestas |
|
| 650 | 0 |
_937903 _aAprendizaje Perceptivo-Motor _xPreguntas y respuestas |
|
| 650 | 0 |
_945851 _aDesarrollo de la Inteligencia _xPreguntas y respuestas |
|
| 700 |
_949538 _aMartínez - Villalba, Adriana _cEditora |
||
| 942 |
_2ddc _h155.4 H557q _k155.4 _mH557q |
||
| 999 |
_c10579 _d10579 |
||